000 00700nam a2200193 a 4500
001 000377243
003 AM-YeHGA
005 20250617132040.0
008 041103s1895 ai 000 | arm d
040 _aAM-YeHGA
041 1 _aarm
_hrus
100 1 _aՏիւտչև
245 1 0 _aԿօշկակարը երաժիշտ /
_cՏիւտչև; Թարգմ. ռուս.՝ օր. Ն. Ղալումեան.
260 _aԹիֆլիս :
_bտպ. Մ.Դ. Ռօտինեանցի,
_c1895.
300 _a32 էջ ;
_c18 սմ.
440 0 _aԹիֆլիսի հայոց հրատարակչական ընկերություն
_v91
650 1 4 _aՌուս մանկական գրականություն
_xՊատմվածք
090 _c145583
999 _c144200
_d144200